The New Russia : Transition Gone Awry (Record no. 62586)

000 -LEADER
fixed length control field 00512nam a22001817a 4500
003 - CONTROL NUMBER IDENTIFIER
control field NUST - PNEC
005 - DATE AND TIME OF LATEST TRANSACTION
control field 20170116180752.0
008 - FIXED-LENGTH DATA ELEMENTS--GENERAL INFORMATION
fixed length control field 150312b xxu||||| |||| 00| 0 eng d
020 ## - INTERNATIONAL STANDARD BOOK NUMBER
International Standard Book Number 9780804741651
040 ## - CATALOGING SOURCE
Transcribing agency LIBRARY
082 ## - DEWEY DECIMAL CLASSIFICATION NUMBER
Classification number 338.947 KLE
100 ## - MAIN ENTRY--PERSONAL NAME
9 (RLIN) 1758
Personal name Lawrence Klein
245 ## - TITLE STATEMENT
Title The New Russia : Transition Gone Awry
Statement of responsibility, etc. Lawrence Klein
260 ## - PUBLICATION, DISTRIBUTION, ETC.
Place of publication, distribution, etc. Russia
Name of publisher, distributor, etc. California
Date of publication, distribution, etc. C 2001
300 ## - PHYSICAL DESCRIPTION
Extent 454 . :
650 ## - SUBJECT ADDED ENTRY--TOPICAL TERM
9 (RLIN) 1759
Topical term or geographic name entry element The New Russia : Transition Gone Awry
General subdivision New Russia
942 ## - ADDED ENTRY ELEMENTS (KOHA)
Source of classification or shelving scheme
Koha item type Book
Holdings
Withdrawn status Lost status Source of classification or shelving scheme Damaged status Not for loan Permanent Location Current Location Shelving location Date acquired Source of acquisition Cost, normal purchase price Total Checkouts Full call number Barcode Date last seen Cost, replacement price Price effective from Koha item type
          Pakistan Navy Engineering College (PNEC) Pakistan Navy Engineering College (PNEC)   03/14/2002 Royal Book Company 1863.57   338.947 KLE PNECLIB-25635 03/12/2015 1863.57 03/14/2002 Book
© 2023 Central Library, National University of Sciences and Technology. All Rights Reserved.